Thi nhân Việt Nam

Zapisane w:
Opis bibliograficzny
1. autor: Hoài Thanh
Format: Książka
Język:Undetermined
Wydane: Hà Nội Văn học 1997
Hasła przedmiotowe:
Etykiety: Dodaj etykietę
Nie ma etykietki, Dołącz pierwszą etykiete!
Thư viện lưu trữ: Trung tâm Học liệu Trường Đại học Cần Thơ
LEADER 00650nam a2200193Ia 4500
001 CTU_46640
008 210402s9999 xx 000 0 und d
082 |a 895.9221009 
082 |b H404/1997 
100 |a Hoài Thanh 
245 0 |a Thi nhân Việt Nam 
245 0 |c Hoài Thanh 
260 |a Hà Nội 
260 |b Văn học 
260 |c 1997 
526 |a Phương pháp luận nghiên cứu văn học,Ý thức cá nhân trong Thơ Mới 
526 |b XHV604,SP538 
650 |a vietnamese poetry - collections,vietnamese poetry - history and criticism 
980 |a Trung tâm Học liệu Trường Đại học Cần Thơ